| 000 | 00329nam a22001217a 4500 | ||
|---|---|---|---|
| 040 | _cNust | ||
| 082 |
_a620.1 _bMER'E |
||
| 100 |
_aJ.L Meriam _913429 |
||
| 245 | _aEngineering mechanics dynamics | ||
| 260 |
_aNew York: _bJohn Willey and sons Inc, _c1993. |
||
| 650 |
_aEngineering mechanics dynamics _93079 |
||
| 942 |
_2ddc _cBK |
||
| 999 |
_c612340 _d612340 |
||